000
00316nam a2200145Ia 4500
100
_a
Flexner/ S.B.
650
_a
General
942
_c
RB
654
_a
word power
245
_a
How to increase your word power
260
_b
Reading digest
_a
Hong Kong
_c
1979
082
_a
428
300
_a
727
546
_a
ENGLISH
999
_c
34386
_d
34386